| 000 | 00533cam a2200181 4500 | ||
|---|---|---|---|
| 008 | 010921n2001 000 0 eng u | ||
| 020 | _a0750647361 | ||
| 035 | _a(Sirsi) u114773 | ||
| 050 | _a692.5 | ||
| 110 | _aV B Johnson and Partners | ||
| 245 | _aLaxton's building price book 2002 : major and small works | ||
| 260 |
_aOxford _bLaxton _c2001 |
||
| 300 | _axliii, 762p. ; 30cm. | ||
| 650 | _aBUILT ENVIRONMENT-BUILDING COSTS | ||
| 650 | _aBUILDING PRICE BOOKS | ||
| 690 | _aBUILT ENVIRONMENT-BUILDING COSTS | ||
| 942 | _n0 | ||
| 999 |
_c101673 _d101673 |
||